1592 1254 1672 1968 1625 1985 1214 1297 1887 1986 1125 1445 1581 1945 1231 1484 1187 1395 1668 1766 1400 1039 1824 1686 1809 1064 1219 1714 1728 1352 1964 1784 1575 1010 1543 1535 1526 1557 1912 1059 1914 1654 1635 1933 1026 1323 1121 1141 1286 1938 1928 1771 1047 1803 1570 1679 1987 1615 1700 1984 1834 1717 1413 1650 1009 1527 1060 1390 1626 1066 1054 1678 1077 1662 1841 1505 1952 1629 1080 1063 1867 1027 1890 1034 1610 1710 1846 1705 1680 1702 1011 1195 1427 1328 1102 1598 1984 1897 1042 BCNSPRNW ULIB Ver.6.0+V

เปลี่ยนเป็นภาษาไทย

Change to English
 แสดงรายละเอียดบรรณานุกรม
  กลับหน้าหลัก

Brief Record : Get Marc (ISO 2709) : E-mail record : QR code < ปิดหน้าต่าง
LEADER : 00000nam 2200000uu 4500
001    13399124426
003     ULIB
008    150713s2558||||th 000 0 tha d
020    ^a9786163615343
060  0 WB935^bบ427 ล.1
100 0  ^aบุญชัย อิศราพิสิษฐ์
245 10 ^aพิชิตโรคโดยไม่ใช้ยา เล่ม 1 ตอน ปฏิวัติชีวิต--ปฏิวัติสุขภาพ /^cบุญชัย อิศราพิสิษฐ์
250    ^aพิมพ์ครั้งที่ 6
260    ^aกรุงเทพฯ :^bสุขภาพดี,^c2558
300    ^a276 หน้า :^bภาพประกอบ
500    ^aพิชิตโรคร้าย--โดยไม่ใช้ยา สุดยอดหนังสือดี เล่ม 1
650  7 ^aการดูแลสุขภาพด้วยตนเอง
650  7 ^aพฤติกรรมสุขภาพ
650  7 ^aการรักษาด้วยธรรมชาติ
650  7 ^aการดูแลตนเอง
945    ^p200^l0^i039531
999    ^aเกษร โพธิ์สุวรรณ
รายการนี้ยังไม่มีแท็ก
คุณยังไม่ได้ล็อกอิน คุณสามารถมีกิจกรรมร่วมกับเว็บไซต์ได้ แต่ต้องล็อกอินก่อน ::
  ล็อกอิน

รายการสื่อสารสนเทศ

ลำดับที่ ประเภท เลขเรียก/บาร์โค้ด สถานที่ สถานะ
1. วิทยาศาสตร์การแพทย์ และสุขภาพ
วิทยาศาสตร์การแพทย์ และสุขภาพ
สถานะ=หนังสือเก่า
WB935 บ427 ล.1 ฉ.1 
  Barcode: 039531
ห้องสมุดวิทยาเขตสวรรค์ประชารักษ์
►ส่วนจัดเก็บหนังสือเก่า สปร
บนชั้น
  ขอยืม

รายการใกล้เคียง
    ผู้แต่ง [บุญชัย อิศราพิสิษฐ์]

    หัวเรื่อง [การดูแลสุขภาพด้วยตนเอง]
    หัวเรื่อง [พฤติกรรมสุขภาพ]
    หัวเรื่อง [การรักษาด้วยธรรมชาติ]
    หัวเรื่อง [การดูแลตนเอง]

BibComment


ยังไม่เคยถูกคอมเมนท์

คอมเมนท์ทรัพยากรรายการนี้
  คอมเมนท์: พิชิตโรคโดยไม่ใช..


 Copyright 2026. Bcnsprnw @Library